000 00733naa a22001937i 4500
001 232483
003 ES-MaBCM
005 20260225091557.0
008 260225s2026 sp ||||| |||| 00| 0 spa d
040 _cES-MaBCM
100 1 _aMañas de Orduña, Álvaro
_9131187
245 1 3 _aEl principio ne bis in idem en la jurisprudencia del Tribunal Europeo de Derechos Humanos
_cÁlvaro Mañas de Orduña
504 _aIncluye referencias bibliográficas
610 2 7 _aTribunal Europeo de Derechos Humanos
_952880
650 7 _aPrincipios generales del Derecho
_959890
650 0 _aDoctrina jurídica
_9126505
773 0 _dLas Rozas, Madrid
_gN. 10892 (25 de febrero de 2026) - Loc. En línea
_tDiario La Ley
_w213918
942 _2udc
_cAREV
999 _c232483
_d232483